Guess the Movie - Statistics

General Stats
  • This quiz has been taken 31 times
  • The average score is 7 of 15
Answer Stats
Clue Answer % Correct
A computer hacker discovers that humanity is trapped within a simulated reality created by intelligent machines. The Matrix
79%
A convicted criminal is placed in a mental institution, and encourages the other patients to rebel against an oppressive nurse. One Flew Over the Cuckoo's Nest
75%
An insurance salesman discovers that his entire life is a reality TV show. The Truman Show
64%
A mafia associate is sent to Las Vegas to run a casino. Casino
61%
A determined Cuban immigrant builds a drug empire in Miami. Scarface
61%
A freed slave teams up with a German bounty hunter and attempts to rescue his wife from a plantation owner. Django Unchained
57%
A young girl goes on a road trip with her family so she can participate in a beauty pageant. Little Miss Sunshine
54%
A man finds a life-changing sum of money while hunting in the desert. He is soon pursued by a psychopathic hitman. No Country for Old Men
50%
An undercover cop attempts to infiltrate an Irish gang in Boston, while a mole within the police force tries to discover his identity. The Departed
50%
A young couple become famous while engaging in a killing spree across America. The sensationalistic press coverage captivates the public. Natural Born Killers
46%
An unambitious electronics store salesman tries to win back his girlfriend and rescue his mother during a zombie apocalypse. Shaun of the Dead
43%
A struggling boxer attempts to get his career back on track but is hindered by his brother and trainer's crack cocaine addiction and his overbearing mother. The Fighter
43%
Two high school friends attempt to get alcohol for a party, which leads to an adventurous night. Superbad
29%
A 10 year old boy is sent to live with his father in South Central Los Angeles. As he grows up, he and his childhood friends struggle to avoid the dangers of gang culture. Boyz n the Hood
18%
A 10 year old girl and her younger sister move house with their father. They soon become friends with a giant, rabbit-like spirit. My Neighbor Totoro (Tonari no Totoro)
7%
No matching quizzes found
Score Distribution
Percent of People with Each Score
Percentile by Number Answered
Your Score History
You have not taken this quiz